| 000 | 00833nam a2200229 i 4500 | ||
|---|---|---|---|
| 001 | 17283 | ||
| 003 | ES-MaACL | ||
| 005 | 20231227184713.0 | ||
| 007 | t| | ||
| 008 | 010124s1995 sp |||| |dgao j | ||
| 020 | _a84-8121-198-2 | ||
| 080 | _a860 García Martí, Victoriano :1 | ||
| 100 | 1 |
_aSánchez Rodríguez, Ramón. _9102894 |
|
| 245 | 1 | 0 |
_aVictoriano García Martí _b: arrededor da vida e da morte / _cRamón Sánchez Rodríguez. |
| 260 |
_aSantiago de Compostela : _bServicio de Publicacións e Intercambio Científico da Universidade de Santiago de Compostela, _c1995. |
||
| 300 |
_a204 p. ; _c21 cm. |
||
| 600 | 1 | 4 |
_aGarcía Martí, Victoriano, _d1881-1966 _954896 |
| 710 | 2 |
_aUniversidad de Santiago de Compostela. _97294 |
|
| 852 |
_aES-MaACL _jL-24152 |
||
| 852 |
_aES-MaACL _jL-20083 |
||
| 999 |
_c17283 _d17283 |
||